A.S.T.M Standards on cement (Record no. 545086)
[ view plain ]
| 000 -LEADER | |
|---|---|
| fixed length control field | 00416nam a22001337a 4500 |
| 082 ## - DEWEY DECIMAL CLASSIFICATION NUMBER | |
| Classification number | 620.135 |
| Author Mark | AST |
| -- | L-21, P-1 |
| 100 ## - MAIN ENTRY--PERSONAL NAME | |
| Personal name | ASTM, Committee C-1 |
| 9 (RLIN) | 40841 |
| 245 ## - TITLE STATEMENT | |
| Title | A.S.T.M Standards on cement |
| Statement of responsibility, etc. | ASTM, Committee C-1 |
| 260 ## - PUBLICATION, DISTRIBUTION, ETC. | |
| Place of publication, distribution, etc. | USA |
| Name of publisher, distributor, etc. | American Society for Testing Materials |
| Date of publication, distribution, etc. | 1916 |
| 300 ## - PHYSICAL DESCRIPTION | |
| Extent | vii, 160 p. : |
| Other physical details | ill, ; |
| Dimensions | 20 cm. |
| 526 ## - STUDY PROGRAM INFORMATION NOTE | |
| Program name | 0 |
| Interest level | 0 |
| Reading level | 0 |
| Title point value | 620_135000000000000_AST |
| 650 ## - SUBJECT ADDED ENTRY--TOPICAL TERM | |
| Topical term or geographic name entry element | MCE |
| 9 (RLIN) | 379 |
| 942 ## - ADDED ENTRY ELEMENTS (KOHA) | |
| Source of classification or shelving scheme | |
| Koha item type | Book |
| Withdrawn status | Lost status | Source of classification or shelving scheme | Damaged status | Not for loan | Permanent Location | Current Location | Date acquired | Total Checkouts | Full call number | Barcode | Date last seen | Price effective from | Koha item type |
|---|---|---|---|---|---|---|---|---|---|---|---|---|---|
| Military College of Engineering (MCE) | Military College of Engineering (MCE) | 05/16/2014 | 620.135 AST | MCE-29488 | 05/16/2014 | 05/16/2014 | Book |
